Practical statistics for nursing and health care (Record no. 39417)
[ view plain ]
| 000 -LEADER | |
|---|---|
| fixed length control field | 01441nam a2200349 a 4500 |
| 082 04 - DEWEY DECIMAL CLASSIFICATION NUMBER | |
| Classification number | 610/.21 |
| 100 1# - MAIN ENTRY--AUTHOR NAME | |
| Personal name | Fowler, Jim, |
| 245 10 - TITLE STATEMENT | |
| Title | Practical statistics for nursing and health care |
| 260 ## - PUBLICATION, DISTRIBUTION, ETC. (IMPRINT) | |
| Place of publication | Chichester, West Sussex, U.K. : |
| Name of publisher | John Wiley & Sons, |
| Year of publication | c2002. |
| 300 ## - PHYSICAL DESCRIPTION | |
| Number of Pages | 1 online resource (xiv, 213 p.) : |
| Other physical details | ill., graphs. |
| 650 #0 - SUBJECT ADDED ENTRY--TOPICAL TERM | |
| Topical Term | Medical statistics. |
| Topical Term | Nursing |
| 700 1# - ADDED ENTRY--PERSONAL NAME | |
| Personal name | Jarvis, Phil. |
| Personal name | Chevannes, Mel. |
| 856 40 - ELECTRONIC LOCATION AND ACCESS | |
| Uniform Resource Identifier | http://site.ebrary.com/lib/rucke/Doc?id=10722565 |
| 588 ## - | |
| -- | Description based on online resource; title from title page (ebrary, viewed July 5, 2013). |
| 922 ## - | |
| -- | Innodata Copy |
No items available.
